00423nas a22001457a 4500022001300000041000800013245003400021260001500055310002900070850000900099942000800108952013400116997001000250999001700260 a122503680 aeng10aKorean Social Science Journal3 bChangminsa aรายสะดวก aNALT cJNR 001040708CPERaNALTbNALTd2017-06-09hปีที่ 31 ฉบับที่ 1l0p2900003750r2017-06-09w2017-06-09yJNR c43465 c83465d83465